Animal Crossing - les Villageois Taureaux / Vaches [avec image] - Statistiques

Statistiques générales
  • Ce quiz a été pris 9 fois
  • Le résultat moyen est 8 sur 15
Statistiques - réponses
Par images Réponse % Correct
Norma
100%
Valé
86%
Margaux
71%
Angus
57%
Arnold
57%
Flèche
57%
Maiko
57%
Steakos
57%
Beubeu
43%
Toto
43%
Belle
29%
Florette
29%
Léon
29%
Pétunia
29%
Sorbonne
29%
Aucun quiz correspondant
Distribution des résultats
% des personnes avec chaque résultat
Percentile par nombre de réponses
Votre historique - résultats
Vous n’avez pas pris ce quiz